The workplace environment, employees' retention, and performance : a focus on non-voiced BPO employees for an enhance staff development program (SDP) / (Record no. 4634)
[ view plain ]
| 000 -LEADER | |
|---|---|
| fixed length control field | 01504nam a22003137a 4500 |
| 003 - CONTROL NUMBER IDENTIFIER | |
| control field | OSt |
| 005 - DATE AND TIME OF LATEST TRANSACTION | |
| control field | 20260123005114.0 |
| 008 - FIXED-LENGTH DATA ELEMENTS--GENERAL INFORMATION | |
| fixed length control field | 260123b ||||| |||| 00| 0 eng d |
| 040 ## - CATALOGING SOURCE | |
| Language of cataloging | English. |
| Transcribing agency | CvSU-CCAT Campus Library. |
| Description conventions | rda. |
| 050 ## - LIBRARY OF CONGRESS CALL NUMBER | |
| Classification number | UM HF 5549.5.R3 |
| Item number | D45 2023 |
| 100 ## - MAIN ENTRY--PERSONAL NAME | |
| Personal name | De Jesus, Eunice Rain E., author. |
| 9 (RLIN) | 18306 |
| 245 ## - TITLE STATEMENT | |
| Title | The workplace environment, employees' retention, and performance : a focus on non-voiced BPO employees for an enhance staff development program (SDP) / |
| Statement of responsibility, etc. | Eunice Rain E. De Jesus, Hillard D. Noveno, Noemie E. Villamor. |
| 260 ## - PUBLICATION, DISTRIBUTION, ETC. | |
| Place of publication, distribution, etc. | Rosario, Cavite : |
| Name of publisher, distributor, etc. | Cavite State University-CCAT Campus, |
| Date of publication, distribution, etc. | 2023. |
| 300 ## - PHYSICAL DESCRIPTION | |
| Extent | xi, 147 leaves : |
| Other physical details | illustrations ; |
| Dimensions | 28 cm |
| 500 ## - GENERAL NOTE | |
| General note | Undergraduate Thesis (BSBM) -- Cavite State University-CCAT Campus, 2023. |
| 504 ## - BIBLIOGRAPHY, ETC. NOTE | |
| Bibliography, etc. note | Includes bibliographical references and appendices. |
| 546 ## - LANGUAGE NOTE | |
| Language note | In English text |
| 650 ## - SUBJECT ADDED ENTRY--TOPICAL TERM | |
| Topical term or geographic name entry element | Call centers -- Employees -- Philippines. |
| 9 (RLIN) | 18307 |
| 650 ## - SUBJECT ADDED ENTRY--TOPICAL TERM | |
| Topical term or geographic name entry element | Business process outsourcing -- Philippines. |
| 9 (RLIN) | 18308 |
| 650 ## - SUBJECT ADDED ENTRY--TOPICAL TERM | |
| Topical term or geographic name entry element | Employee retention -- Philippines. |
| 9 (RLIN) | 18309 |
| 650 ## - SUBJECT ADDED ENTRY--TOPICAL TERM | |
| Topical term or geographic name entry element | Work environment -- Philippines. |
| 9 (RLIN) | 17660 |
| 650 ## - SUBJECT ADDED ENTRY--TOPICAL TERM | |
| Topical term or geographic name entry element | Personnel management -- Philippines. |
| 9 (RLIN) | 18028 |
| 700 ## - ADDED ENTRY--PERSONAL NAME | |
| Personal name | Noveno, Hillard D., author. |
| 9 (RLIN) | 18310 |
| 700 ## - ADDED ENTRY--PERSONAL NAME | |
| Personal name | Villamor, Noemie E., author. |
| 9 (RLIN) | 18311 |
| 700 ## - ADDED ENTRY--PERSONAL NAME | |
| Personal name | Tadeo, Jerico B., adviser. |
| 9 (RLIN) | 6612 |
| 700 ## - ADDED ENTRY--PERSONAL NAME | |
| Personal name | Abug, Nerisa B., technical critic. |
| 9 (RLIN) | 9248 |
| 942 ## - ADDED ENTRY ELEMENTS (KOHA) | |
| Source of classification or shelving scheme | Library of Congress Classification |
| Koha item type | Thesis/Manuscripts/Dissertations |
| Classification part | HF 5549.5.R3 D45 2023 |
| Call number prefix | UM |
| Withdrawn status | Lost status | Source of classification or shelving scheme | Damaged status | Not for loan | Collection code | Home library | Current library | Shelving location | Date acquired | Coded location qualifier | Total Checkouts | Full call number | Barcode | Date last seen | Copy number | Price effective from | Koha item type |
|---|---|---|---|---|---|---|---|---|---|---|---|---|---|---|---|---|---|
| Library of Congress Classification | Thesis/Manuscript/Dissertation | Cavite State University - CCAT Campus | Cavite State University - CCAT Campus | TH | 09/24/2025 | UM | UM HF 5549.5.R3 D45 2023 | T0005470 | 01/23/2026 | 1 | 01/23/2026 | Thesis/Manuscripts/Dissertations |
